00713cam a2200229 a 4500001001300000003000400013005001700017008004100034010001700075035001900092040001300111050002100124100002800145245006600173250003600239260004600275300003400321500002400355504006600379650002100445999001700466sa 66000052 DLC20260227112212.0811006s1964 ii a b 001 0 eng  asa 66000052  a(OCoLC)7821394 aDLCcDLC00aHJ141b.G35 19641 aGanguly, Subrata,cM.A.10aPublic finance :ba normative approach /cby Subrata Ganguly. aThroughly rev. and enl. 2nd ed. aCalcutta :bNababharat Publishers,c1964. axii, 251 p. :bill. ;c23 cm. aPrevious ed.: 1963. aIncludes bibliographical references (p. [241]-248) and index. 0aFinance, Public. c67008d67008